000 01367pam a2200361 a 4500
999 _c328634
_d328634
001 1179002
003 Nust
005 20170412160934.0
008 970221s1997 ilu 000 1 eng
010 _a 97003095
020 _a0810111764 (cloth : alk. paper)
020 _a0810111616 (pbk. : alk. paper)
040 _aDLC
_cDLC
_dDLC
041 1 _aeng
_hhun
043 _ae-hu---
050 0 0 _aPH3281.K3815
_bK313 1997
082 0 0 _a894.511334 KER
_221
100 1 _aKertész, Imre,
_d1929-2016.
240 1 0 _aKaddis a meg nem született gyermekért.
_lEnglish
245 1 0 _aKaddish for a child not born /
_cImre Kertész ; translated by Christopher C. Wilson and Katharina M. Wilson.
260 _aEvanston, Ill. :
_bHydra Books,
_c1997.
300 _a95 p. ;
_c24 cm.
650 0 _aHolocaust survivors
_vFiction.
650 0 _aJews
_zHungary
_vFiction.
651 0 _aHungary
_vFiction.
700 1 _aWilson, Christopher C.
700 1 _aWilson, Katharina M.
856 4 2 _3Contributor biographical information
_uhttp://www.loc.gov/catdir/bios/nwern051/97003095.html
906 _a7
_bcbu
_corignew
_d1
_eocip
_f19
_gy-gencatlg
942 _2ddc
_cBK